| 000 | 01063cab a2200217 4500 | ||
|---|---|---|---|
| 001 | ABS67443 | ||
| 008 | 040128n2004 000 0 eng u | ||
| 035 | _a(Sirsi) u124938 | ||
| 100 | _aHudson-Smith, A. | ||
| 245 | _aVirtual London - communicating, distributing and populating the digital city | ||
| 260 | _c2004 | ||
| 490 |
_aGeomatics World _v12(3) January/February 2004, 28-29(2) |
||
| 520 | _aReports on the creation of large scale datasets of cities, in particular the work of researchers at University College London's Centre for Advanced Spatial Analysis in creating Virtual London. This project is intended to be delivered via the internet and will allow planners to stakeholders to view the cityscape. Examines the software involved in the production of the datasets and how the virtual city will be enabled for uploading to the Internet. | ||
| 590 | _aABS | ||
| 650 | _aLONDON | ||
| 650 | _a3D COMPUTER MODELLING TECHNIQUES | ||
| 650 | _aSPATIAL ANALYSIS | ||
| 690 |
_aPlanning and development _96259 |
||
| 700 | _aEvans, S. | ||
| 942 | _n0 | ||
| 999 |
_c74082 _d74082 |
||